000 00692cab a2200229 4500
001 WB3014-27
008 090401t1994 xxu||||| |||| 00| 0 eng d
035 _a(Sirsi) u24047
041 _aeng
245 _aPollution by light
260 _c1994
350 _a0
490 _aDaily Telegraph
_v8 April 1994, 13(1)
520 _aMillions of people are troubled by light pollution according to a report by the Institution of Environmental Health Officers.
650 _aENVIRONMENTAL PROTECTION ACT 1990
650 _aFLOODLIGHTING
650 _aLIGHT POLLUTION
650 _aSECURITY LIGHTING
690 _aENVIRONMENTAL AND LAND CONSULTANCY
942 _n0
948 _c04/03/1997
999 _c16105
_d16105